[Event "Gothenburg Kvibergspelen"]
[Site "Gothenburg"]
[Date "2024.09.08"]
[Round "7"]
[White "Dingertz, Filip"]
[Black "Andersson, Robert"]
[Result "1/2-1/2"]
[WhiteElo "1858"]
[BlackElo "2098"]
[PlyCount "101"]
[EventDate "2024.09.06"]
[EventType "swiss"]
[EventRounds "8"]
[EventCountry "SWE"]
[SourceTitle "EXT 2025"]
[Source "ChessBase"]
[SourceDate "2024.10.14"]
[SourceVersion "1"]
[SourceVersionDate "2024.10.14"]
[SourceQuality "1"]

1. c4 c5 2. Nc3 Nc6 3. g3 g6 4. Bg2 Bg7 5. e4 d6 6. Nge2 Nf6 7. 0-0 0-0 8. d3 Rb8 9. h3 a6 10. a4 Ne8 11. Be3 Nc7 12. d4 cxd4 13. Nxd4 Nxd4 14. Bxd4 Bxd4 15. Qxd4 a5 16. Nd1 Ne6 17. Qc3 Bd7 18. Ne3 Bc6 19. f4 Qb6 20. Kh2 Qd4 21. Qxd4 Nxd4 22. Rfd1 Nb3 23. Ra3 Nc5 24. Nd5 Bxd5 25. Rxd5 b6 26. e5 dxe5 27. Rxe5 e6 28. g4 Rfd8 29. f5 Rd2 30. fxe6 fxe6 31. Rae3 Rf8 32. Re2 Rf2 33. Rxf2 Rxf2 34. b4 axb4 35. a5 Nd3 36. Re3 Nf4 37. axb6 Rxg2+ 38. Kh1 Rd2 39. b7 Rd8 40. c5 Rb8 41. c6 Nd5 42. Rd3 Ne7 43. c7 Rxb7 44. Rd8+ Kf7 45. Rd7 Rxc7 46. Rxc7 g5 47. Rb7 Kf6 48. Rxb4 Nd5 49. Ra4 Nf4 50. Kh2 h5 51. gxh5 1/2-1/2

[Event "Gothenburg Kvibergspelen"]
[Site "Gothenburg"]
[Date "2024.09.08"]
[Round "8"]
[White "Krilovs, Nikolaijs"]
[Black "Dingertz, Filip"]
[Result "1/2-1/2"]
[WhiteElo "2054"]
[BlackElo "1858"]
[PlyCount "47"]
[EventDate "2024.09.06"]
[EventType "swiss"]
[EventRounds "8"]
[EventCountry "SWE"]
[SourceTitle "EXT 2025"]
[Source "ChessBase"]
[SourceDate "2024.10.14"]
[SourceVersion "1"]
[SourceVersionDate "2024.10.14"]
[SourceQuality "1"]

1. e4 e5 2. Nf3 Nc6 3. Bc4 Bc5 4. b4 Bxb4 5. c3 Be7 6. d4 Na5 7. Nxe5 Nxc4 8. Nxc4 d5 9. exd5 Qxd5 10. Ne3 Qd7 11. 0-0 Nf6 12. c4 0-0 13. Bb2 b5 14. Nd2 a6 15. Nf3 Ng4 16. Nxg4 Qxg4 17. Ne5 Qxd1 18. Rfxd1 Bd6 19. Rac1 Bxe5 20. dxe5 Be6 21. cxb5 axb5 22. Rxc7 Rxa2 23. Bc3 Rc2 24. Ba5 1/2-1/2

[Event "Gothenburg Kvibergspelen"]
[Site "Gothenburg"]
[Date "2024.09.06"]
[Round "1"]
[White "Dingertz, Filip"]
[Black "Mashhadi, Peyman"]
[Result "0-1"]
[WhiteElo "1858"]
[BlackElo "2148"]
[PlyCount "104"]
[EventDate "2024.09.06"]
[EventType "swiss"]
[EventRounds "8"]
[EventCountry "SWE"]
[SourceTitle "EXT 2025"]
[Source "ChessBase"]
[SourceDate "2024.10.14"]
[SourceVersion "1"]
[SourceVersionDate "2024.10.14"]
[SourceQuality "1"]

1. c4 g6 2. Nc3 Bg7 3. g3 d6 4. Bg2 Nf6 5. e4 0-0 6. Nge2 c5 7. 0-0 Nc6 8. d3 a6 9. h3 Rb8 10. a4 Ne8 11. Be3 Nd4 12. a5 b6 13. axb6 Rxb6 14. Na4 Rb8 15. Nxd4 cxd4 16. Bd2 Bd7 17. b4 Nc7 18. Qc2 Bc6 19. Rfc1 Ba8 20. c5 d5 21. Nb6 e6 22. Bf4 e5 23. Bd2 dxe4 24. Nxa8 Nxa8 25. dxe4 Nc7 26. Bf1 Qc8 27. Kh2 Kh8 28. Ra5 f5 29. Kg2 Qe6 30. Bc4 Qc6 31. Bd3 Rf7 32. f3 Rbf8 33. Rf1 h5 34. h4 f4 35. Be1 Bh6 36. Bc4 Rf6 37. g4 hxg4 38. fxg4 f3+ 39. Kh1 Be3 40. Qh2 Qxe4 41. Bf2 Bxf2 42. Qxf2 Qxg4 43. Rg1 Qh3+ 44. Qh2 Qxh2+ 45. Kxh2 e4 46. Ra2 e3 47. Kg3 e2 48. Bxe2 fxe2 49. Rxe2 Nd5 50. Rd2 Rf3+ 51. Kg2 Ne3+ 52. Kh2 Nf1+ 0-1